[Event "Barcelona Sant Marti op-A 15th"]
[Site "Barcelona"]
[Date "2013.07.14"]
[Round "2"]
[White "Manelidou, Maria"]
[Black "Munoz Pantoja, Miguel Angel"]
[Result "1/2-1/2"]
[WhiteElo "2030"]
[BlackElo "2457"]
[PlyCount "145"]
[EventDate "2013.07.13"]
[EventType "swiss"]
[EventRounds "9"]
[EventCountry "ESP"]
[SourceTitle "CBM 155 Extra"]
[Source "ChessBase"]
[SourceDate "2013.08.26"]
[SourceVersion "1"]
[SourceVersionDate "2013.08.26"]
[SourceQuality "1"]

1. e4 d5 2. exd5 Qxd5 3. Nc3 Qa5 4. Bc4 Nf6 5. d3 c6 6. Qe2 g6 7. Bd2 Qc7 8. Nf3 Bg7 9. a3 0-0 10. 0-0 Bg4 11. Rfe1 Bxf3 12. Qxf3 e6 13. Bf4 Qb6 14. Rab1 Nbd7 15. Ne4 Nd5 16. Bd6 Rfd8 17. Qg3 Rac8 18. b4 N7f6 19. Bc5 Qc7 20. Qxc7 Rxc7 21. Bxa7 Ra8 22. Bd4 Nxe4 23. Bxg7 Kxg7 24. dxe4 Nb6 25. Bd3 Rxa3 26. Ra1 Rc3 27. Kf1 c5 28. bxc5 Nd7 29. Reb1 Nxc5 30. Ke2 Rd7 31. Rd1 f5 32. f3 Rc7 33. Ra2 Kf6 34. Kd2 Nd7 35. Rb1 Ne5 36. Rb4 h5 37. Rab2 Ra3 38. exf5 gxf5 39. Rxb7 Nxd3 40. cxd3 Rxb7 41. Rxb7 Ra2+ 42. Ke3 Rxg2 43. h4 Rh2 44. Rb4 Ke5 45. Rb5+ Kd6 46. Rb6+ Kd5 47. Rb5+ Kc6 48. Rb4 Kc5 49. Ra4 Kd6 50. Ra6+ Ke7 51. Ra4 Kf6 52. Rb4 Rh1 53. Ra4 Re1+ 54. Kf2 Rb1 55. Ke3 Rb5 56. Rc4 Ke5 57. Ra4 Rd5 58. Rb4 f4+ 59. Kd2 Ra5 60. Kc3 Kf5 61. Rb8 Ke5 62. Rh8 Rc5+ 63. Kd2 Kd4 64. Rd8+ Rd5 65. Rh8 e5 66. Ra8 Rd7 67. Ra4+ Kd5 68. Ra5+ Ke6 69. Ra6+ Rd6 70. Rxd6+ Kxd6 71. Kd1 Kc5 72. Kc1 Kd5 73. Kd1 1/2-1/2

[Event "GRE-chT 41st"]
[Site "Achaia"]
[Date "2013.07.07"]
[Round "7.5"]
[White "Vatkali, Dimitra"]
[Black "Manelidou, Maria"]
[Result "1/2-1/2"]
[WhiteElo "1964"]
[BlackElo "2030"]
[PlyCount "154"]
[EventDate "2013.07.02"]
[EventType "team-swiss"]
[EventRounds "7"]
[EventCountry "GRE"]
[SourceTitle "CBM 155 Extra"]
[Source "ChessBase"]
[SourceDate "2013.08.26"]
[SourceVersion "1"]
[SourceVersionDate "2013.08.26"]
[SourceQuality "1"]
[WhiteTeam "Kavalas OFS"]
[BlackTeam "Irakleiou CN"]
[WhiteTeamCountry "GRE"]
[BlackTeamCountry "GRE"]

1. e4 e5 2. Nf3 Nc6 3. d4 exd4 4. Nxd4 Bb4+ 5. c3 Bc5 6. Be3 Bb6 7. Nf5 g6 8. Bxb6 axb6 9. Ne3 Nf6 10. f3 d6 11. c4 0-0 12. Nc3 Be6 13. Qd2 Nd7 14. Be2 Nc5 15. 0-0 Ne7 16. b4 Nd7 17. Nb5 Nc6 18. f4 f6 19. f5 Bf7 20. fxg6 Bxg6 21. Nf5 Nde5 22. a3 Kh8 23. h4 Qd7 24. h5 Bf7 25. Ne3 Be6 26. Nd5 Bxd5 27. cxd5 Nd8 28. Rac1 c6 29. dxc6 bxc6 30. Qxd6 Qxd6 31. Nxd6 Rxa3 32. Nc4 Nxc4 33. Rxc4 Ra2 34. Bg4 Rd2 35. Bh3 Rf7 36. Rf2 Rd3 37. Kh2 Kg7 38. Ra2 Rc7 39. Ra6 b5 40. Rc2 Re7 41. Bf5 Rd4 42. Ra8 Kh6 43. g4 Kg5 44. Kg3 Rd3+ 45. Kf2 Kf4 46. Ke2 Rd6 47. Rc8 Ne6 48. Kf1 Nd4 49. Rf2+ Kg5 50. Rg8+ Kh4 51. g5 fxg5 52. Rh2+ Kg3 53. Rg2+ Kf3 54. Rf2+ Ke3 55. Rxg5 Nxf5 56. exf5 Rf7 57. Rg4 Rd4 58. Rg3+ Ke4 59. f6 Kd5 60. Re3 Kd6 61. Rb3 Rd5 62. Rh3 Ke6 63. Re3+ Re5 64. Rc3 Kd6 65. Rh3 c5 66. bxc5+ Kxc5 67. Rf4 Kd6 68. Kf2 Ke6 69. Ra3 Rxh5 70. Kg3 Rd5 71. Re3+ Kd7 72. Kg4 Rd6 73. Kg5 b4 74. Rb3 Rd5+ 75. Kg4 Rd6 76. Kg5 Rd5+ 77. Kg4 Rd6 1/2-1/2

[Event "GRE-chT 41st"]
[Site "Achaia"]
[Date "2013.07.06"]
[Round "6.5"]
[White "Manelidou, Maria"]
[Black "Lubbe, Melanie"]
[Result "0-1"]
[WhiteElo "2030"]
[BlackElo "2303"]
[PlyCount "75"]
[EventDate "2013.07.02"]
[EventType "team-swiss"]
[EventRounds "7"]
[EventCountry "GRE"]
[SourceTitle "CBM 155 Extra"]
[Source "ChessBase"]
[SourceDate "2013.08.26"]
[SourceVersion "1"]
[SourceVersionDate "2013.08.26"]
[SourceQuality "1"]
[WhiteTeam "Irakleiou CN"]
[BlackTeam "Patron CN"]
[WhiteTeamCountry "GRE"]
[BlackTeamCountry "GRE"]

1. e4 e5 2. Nf3 Nc6 3. d4 exd4 4. Nxd4 Bb4+ 5. Nc3 Bc5 6. Nb3 Bb6 7. Qe2 Nge7 8. Bg5 0-0 9. 0-0-0 d6 10. f4 f6 11. Bh4 Be6 12. g4 a5 13. a4 Re8 14. Bg2 Qc8 15. h3 Kh8 16. Rhe1 Bf7 17. Qb5 Nb4 18. Nd4 c6 19. Qf1 d5 20. exd5 Nexd5 21. Nxd5 Nxd5 22. Nf5 Qc7 23. Bxd5 Bxd5 24. Kb1 Re4 25. Rxe4 Bxe4 26. Ng3 Bd5 27. Nf5 Be6 28. Nd4 Bg8 29. f5 Re8 30. Bf2 Qf4 31. Bg1 Qe4 32. Nf3 Bxg1 33. Nxg1 Qxa4 34. b3 Qa3 35. Qd3 a4 36. bxa4 Qxa4 37. Kc1 Re5 38. Qd8 0-1